<?xml version="1.0" encoding="UTF-8"?>
<record
    xmlns:xsi="http://www.w3.org/2001/XMLSchema-instance"
    xsi:schemaLocation="http://www.loc.gov/MARC21/slim http://www.loc.gov/standards/marcxml/schema/MARC21slim.xsd"
    xmlns="http://www.loc.gov/MARC21/slim">

  <leader>00940nam a2200217Ia 4500</leader>
  <controlfield tag="003">Ost</controlfield>
  <controlfield tag="005">20260426125804.0</controlfield>
  <controlfield tag="008">260426s9999||||xx |||||||||||||| ||und||</controlfield>
  <datafield tag="040" ind1=" " ind2=" ">
    <subfield code="c">fsecg</subfield>
  </datafield>
  <datafield tag="041" ind1=" " ind2=" ">
    <subfield code="a">eng</subfield>
  </datafield>
  <datafield tag="082" ind1=" " ind2=" ">
    <subfield code="a">338.5</subfield>
  </datafield>
  <datafield tag="100" ind1=" " ind2=" ">
    <subfield code="a">Yakouben , Saliha</subfield>
    <subfield code="e">Author</subfield>
  </datafield>
  <datafield tag="245" ind1=" " ind2="0">
    <subfield code="a">Microeconomics 1 :</subfield>
    <subfield code="b">lectures and exercises /</subfield>
    <subfield code="c">Saliha Yakouben </subfield>
  </datafield>
  <datafield tag="260" ind1=" " ind2=" ">
    <subfield code="a">Algiers :</subfield>
    <subfield code="b">University of Algiers 3 Faculty of Economics Commercial Sciences and Management,</subfield>
    <subfield code="c">2025</subfield>
  </datafield>
  <datafield tag="300" ind1=" " ind2=" ">
    <subfield code="a">142 paper, </subfield>
    <subfield code="c">12 cm</subfield>
  </datafield>
  <datafield tag="504" ind1=" " ind2=" ">
    <subfield code="a">Refferences paper 143</subfield>
  </datafield>
  <datafield tag="520" ind1=" " ind2=" ">
    <subfield code="a">Introduction to microeconomics,demand, supply and market equilibrium, elasticity analysis  , applications on supply and demand : government intervention ,consumer behavior theory ,theory of producer behavior ,costs analysis .</subfield>
  </datafield>
  <datafield tag="653" ind1=" " ind2=" ">
    <subfield code="a">Microeconomics</subfield>
  </datafield>
  <datafield tag="710" ind1=" " ind2=" ">
    <subfield code="a">University of Algiers 3 Faculty of Economics Commercial Sciences and Management</subfield>
    <subfield code="e">Scientific publisher</subfield>
  </datafield>
  <datafield tag="942" ind1=" " ind2=" ">
    <subfield code="c">HANDOUT</subfield>
  </datafield>
  <datafield tag="952" ind1=" " ind2=" ">
    <subfield code="0">0</subfield>
    <subfield code="1">0</subfield>
    <subfield code="2">ddc</subfield>
    <subfield code="4">0</subfield>
    <subfield code="7">-1</subfield>
    <subfield code="a">fsecg</subfield>
    <subfield code="b">fsecg</subfield>
    <subfield code="d">2026-04-26</subfield>
    <subfield code="h">Second floor</subfield>
    <subfield code="i">Po.965/1-1</subfield>
    <subfield code="l">0</subfield>
    <subfield code="o">Po.965/1 exp1</subfield>
    <subfield code="p">Po.965/1-1</subfield>
    <subfield code="r">2026-04-26 12:58:04</subfield>
    <subfield code="w">2026-04-26</subfield>
    <subfield code="y">HANDOUT</subfield>
  </datafield>
  <datafield tag="999" ind1=" " ind2=" ">
    <subfield code="c">41506</subfield>
    <subfield code="d">41506</subfield>
  </datafield>
</record>
